NHL Top 5 MVP Voting Since 2000 - Statistics

General Stats
  • This quiz has been taken 47 times
  • The average score is 99 of 125
Answer Stats
Year Team Player % Correct
2024: 3 Oilers Connor McDavid
100%
2023: 1 Oilers Connor McDavid
100%
2022: 2 Oilers Connor McDavid
100%
2021: 1 Oilers Connor McDavid
100%
2020: 5 Oilers Connor McDavid
100%
2019: 3 Oilers Connor McDavid
100%
2018: 5 Oilers Connor McDavid
100%
2017: 1 Oilers Connor McDavid
100%
2025: 4 Avalanche Nathan MacKinnon
100%
2024: 1 Avalanche Nathan MacKinnon
100%
2023: 5 Avalanche Nathan MacKinnon
100%
2021: 3 Avalanche Nathan MacKinnon
100%
2020: 2 Avalanche Nathan MacKinnon
100%
2018: 2 Avalanche Nathan MacKinnon
100%
2025: 3 Lightning Nikita Kucherov
100%
2024: 2 Lightning Nikita Kucherov
100%
2019: 1 Lightning Nikita Kucherov
100%
2015: 2 Capitals Alex Ovechkin
97%
2013: 1 Capitals Alex Ovechkin
97%
2010: 2 Capitals Alex Ovechkin
97%
2009: 1 Capitals Alex Ovechkin
97%
2008: 1 Capitals Alex Ovechkin
97%
2024: 4 Maple Leafs Auston Matthews
97%
2022: 1 Maple Leafs Auston Matthews
97%
2021: 2 Maple Leafs Auston Matthews
97%
2025: 2 Oilers Leon Draisaitl
97%
2020: 1 Oilers Leon Draisaitl
97%
2016: 1 Blackhawks Patrick Kane
97%
2021: 4 Penguins Sidney Crosby
97%
2019: 2 Penguins Sidney Crosby
97%
2017: 2 Penguins Sidney Crosby
97%
2016: 2 Penguins Sidney Crosby
97%
2015: 5 Penguins Sidney Crosby
97%
2014: 1 Penguins Sidney Crosby
97%
2013: 2 Penguins Sidney Crosby
97%
2010: 3 Penguins Sidney Crosby
97%
2007: 1 Penguins Sidney Crosby
97%
2012: 1 Penguins Evgeni Malkin
94%
2009: 2 Penguins Evgeni Malkin
94%
2008: 2 Penguins Evgeni Malkin
94%
2024: 5 Rangers Artemi Panarin
91%
2020: 3 Rangers Artemi Panarin
91%
2025: 1 Jets Connor Hellebuyck
91%
2011: 2 Canucks Daniel Sedin
91%
2023: 2 Bruins David Pastrňák
91%
2020: 4 Bruins David Pastrňák
91%
2010: 1 Canucks Henrik Sedin
91%
2016: 5 Sharks Joe Thornton
91%
2007: 5 Sharks Joe Thornton
91%
2006: 1 Bruins/Sharks Joe Thornton
91%
2003: 4 Bruins Joe Thornton
91%
2018: 3 Kings Anže Kopitar
88%
2021: 5 Bruins Brad Marchand
88%
2019: 5 Bruins Brad Marchand
88%
2011: 1 Ducks Corey Perry
88%
2017: 5 Senators Erik Karlsson
88%
2001: 1 Avalanche Joe Sakic
88%
2013: 4 Blackhawks Jonathan Toews
88%
2011: 3 Lightning Martin St. Louis
88%
2004: 1 Lightning Martin St. Louis
88%
2023: 3 Panthers Matthew Tkachuk
88%
2025: 5 Golden Knights Jack Eichel
85%
2016: 3 Stars Jamie Benn
85%
2006: 2 Rangers Jaromír Jágr
85%
2001: 3 Penguins Jaromír Jágr
85%
2000: 2 Penguins Jaromír Jágr
85%
2015: 3 Islanders John Tavares
85%
2013: 3 Islanders John Tavares
85%
2012: 2 Lightning Steven Stamkos
85%
2018: 4 Flyers Claude Giroux
82%
2014: 3 Flyers Claude Giroux
82%
2012: 4 Flyers Claude Giroux
82%
2022: 4 Flames Johnny Gaudreau
82%
2019: 4 Flames Johnny Gaudreau
82%
2007: 4 Lightning Vincent Lecavalier
82%
2008: 3 Flames Jarome Iginla
79%
2004: 2 Flames Jarome Iginla
79%
2002: 2 Flames Jarome Iginla
79%
2001: 2 Penguins Mario Lemieux
79%
2014: 5 Bruins Patrice Bergeron
79%
2003: 1 Avalanche Peter Forsberg
79%
2011: 5 Bruins Tim Thomas
79%
2015: 1 Canadiens Carey Price
76%
2023: 4 Stars Jason Robertson
76%
2009: 3 Red Wings Pavel Datsyuk
76%
2017: 3 Blue Jackets Sergei Bobrovsky
76%
2013: 5 Blue Jackets Sergei Bobrovsky
76%
2016: 4 Capitals Braden Holtby
74%
2017: 4 Sharks Brent Burns
74%
2022: 3 Rangers Igor Shesterkin
74%
2008: 5 Devils Martin Brodeur
74%
2007: 3 Devils Martin Brodeur
74%
2004: 3 Devils Martin Brodeur
74%
2003: 3 Devils Martin Brodeur
74%
2001: 5 Devils Martin Brodeur
74%
2008: 4 Red Wings Nicklas Lidström
74%
2018: 1 Devils Taylor Hall
74%
2012: 3 Rangers Henrik Lundqvist
71%
2022: 5 Panthers Jonathan Huberdeau
71%
2002: 3 Avalanche Patrick Roy
71%
2014: 2 Ducks Ryan Getzlaf
71%
2012: 5 Kings Jonathan Quick
68%
2011: 4 Predators Pekka Rinne
68%
2010: 4 Sabres Ryan Miller
68%
2002: 1 Canadiens José Théodore
59%
2007: 2 Canucks Roberto Luongo
59%
2000: 1 Blues Chris Pronger
56%
2006: 5 Senators Daniel Alfredsson
56%
2004: 5 Canucks Markus Näslund
53%
2003: 2 Canucks Markus Näslund
53%
2002: 5 Canucks Markus Näslund
53%
2000: 3 Panthers Pavel Bure
47%
2009: 5 Devils Zach Parise
47%
2006: 3 Flames Miikka Kiprusoff
38%
2004: 4 Flames Miikka Kiprusoff
38%
2015: 4 Coyotes/Wild Devan Dubnyk
35%
2003: 5 Canucks Todd Bertuzzi
32%
2000: 4 Capitals Olaf Kölzig
26%
2009: 4 Blue Jackets Steve Mason
26%
2014: 4 Avalanche Semyon Varlamov
24%
2000: 5 Sharks Owen Nolan
18%
2010: 5 Coyotes Ilya Bryzgalov
15%
2006: 4 Panthers Eric Staal
6%
2001: 4 Flyers Roman Čechmánek
6%
2002: 4 Coyotes Sean Burke
6%
No matching quizzes found
Score Distribution
Percent of People with Each Score
Percentile by Number Answered
Your Score History
You have not taken this quiz